LEADER 01337nam a2200253 i 4500 001 000000022873 003 CaOOAMICUS 005 20200724120320.0 008 180830s1970 it u000 u ita u 040 $aSeMil$bita 100 1 $aRohde, Erwin <1845-1898>.$0(OLS)http://semarc/name/10229 240 10$aPsyche : Seelencult und Unsterblichkeitsglaube der Griechen.$0(OLS)http://semarc/title/30648 245 10$aPsiche :$bculto delle anime e fede nell'immortalita presso i Greci /$cErwin Rohde ; prefazione di Giovanni Pugliese Carratelli. 260 $aBari :$bLaterza,$c1970. 300 $a2 v. (XXII, 790 p. compless.) ;$c18 cm. 650 4$aReligione greca.$0(OLS)http://semarc/subject/1333 650 4$aReligione greca - Storia.$0(OLS)http://semarc/subject/3562 650 4$aImmortalità - Culto - Grecia antica.$0(OLS)http://semarc/subject/3563 700 1 $aPugliese Carratelli, Giovanni.$0(OLS)http://semarc/name/142 774 0 $aRohde, Erwin <1845-1898>$tVol. 1.$dBari : Laterza, 1970.$kUniversale Laterza$w()185558 774 0 $aRohde, Erwin <1845-1898>$tVol. 2.$dBari : Laterza, 1970.$kUniversale Laterza$w()185560 996 $6245$aPsiche :$bculto delle anime e fede nell'immortalita presso i Greci$9(OLS)http://semarc/title/30647 996 $6260$aBari :$bLaterza$9(OLS)http://semarc/publisher/29858 LEADER 01203nam a2200253 i 4500 001 000000071654 003 CaOOAMICUS 005 20081212000000.0 008 081212s1970 be u000 u fre u 013 $a42826 040 $aSeMil$bita 100 1 $aPresseault, Jacques.$0(OLS)http://semarc/name/35571 245 12$aL'être-pour-autrui dans la philosophie de Jean-Paul Sartre /$cJacques Presseault. 260 $aMontréal :$bBellarmin,$c1970. 260 $aBruxelles ; Paris :$bDesclée de Brouwer,$c1970. 300 $a273 p. ;$c22 cm. 490 0 $aEssais pour notre temps. Section de philosophie ;$v13 650 4$aSartre, Jean-Paul <1905-1980> - Pensiero filosofico.$0(OLS)http://semarc/subject/14095 830 0$aEssais pour notre temps. Section de philosophie ;$v13.$0(OLS)http://semarc/title/18533 850 $aSeMil 852 $aSeMil$W1$xVenegono$y1$m2P IV 359$j37807$B37807$CSeMilBibl$Z2$F37810 $81 996 $6245$aL'être-pour-autrui dans la philosophie de Jean-Paul Sartre$9(OLS)http://semarc/title/115297 996 $6260$aBruxelles ; Paris :$bDesclée de Brouwer$9(OLS)http://semarc/publisher/35868 996 $6260$aMontréal :$bBellarmin$9(OLS)http://semarc/publisher/32274